| 000 | 00738cab a2200253 4500 | ||
|---|---|---|---|
| 001 | X471 | ||
| 008 | 090401t1993 xxu||||| |||| 00| 0 eng d | ||
| 035 | _a(Sirsi) u65822 | ||
| 041 | _aeng | ||
| 245 | _aSecond wave of European property professinals elected to RICS | ||
| 260 | _c1993 | ||
| 350 | _a0 | ||
| 490 |
_aRICS Press Release _v(PR37/93) 23 February 1993, (2) |
||
| 520 | _a8 European property professionals elected as Fellows of the FRICS. | ||
| 650 | _aELECTION | ||
| 650 | _aEUROPE | ||
| 650 | _aMUTUAL RECOGNITION | ||
| 650 | _aPROPERTY PROFESSIONALS | ||
| 650 | _aRICS | ||
| 690 | _aEUROPE-SINGLE MARKET | ||
| 690 | _aMANAGEMENT-BUSINESS MANAGEMENT-PROFESSIONAL PRACTICE | ||
| 942 | _n0 | ||
| 948 | _c04/03/1997 | ||
| 999 |
_c41098 _d41098 |
||